000 02042nam0a2200421 4500
001 RU\NLR\BIBL_A\012389161
005 20260405213536.0
010 _a9785907043961
_9700
021 _aRU
_b2020-40597
_9КН-П-3080
021 _aRU
_b2020-40612
_9КН-П-3082
035 _a(RuMoRGB)010379052
035 _a(NLR Aleph) 012389161
090 _a11666484
_c11666484
100 _a20201026d2020 k y0rusy50 ca
101 0 _arus
_deng
102 _aRU
105 _aac||zzzz0||zy
181 0 _ai
_baxxe
182 0 _an
200 1 _aЭпоха Марка Антокольского
_eот классицизма до модерна. Российские скульпторы середины и второй половины XIX века. Научная реконструкция биографий
_fОльга Кривдина, Борис Тычинин
203 _aТекст
_bвизуальный
_cнепосредственный
210 _aМосква
_cБУКСМАРТ
_d2020
215 _a598, [1] с.
_cил., цв. ил., портр.
_d26
300 _aРез. англ.
320 _aБиблиогр. в примеч. в конце гл.
320 _aБиблиогр. о М.М. Антокольском: с. 548-551
320 _aИмен. указ.: с. 579-599
320 _aПроизведения М.М. Антокольского: с. 557-566
600 1 _aАнтокольский
_bМ.М.
_f1843 - 1902
_gМарк Матвеевич
_91118616
_3RU\NLR\AUTH\66123160
606 _aСкульптура русская
_z19 в.
_91471643
_3RU\NLR\AUTH\66316156
686 1 _aЩ133(2Р=Рус)5-8Антокольский
686 1 _aЩ133(2Р=Рус)5
700 1 _aКривдина
_bО. А.
_gОльга Алексеевна
701 1 _aТычинин
_bБ. Б.
_gБорис Борисович
702 1 _4570
_8rus
_7ca
_aАнтокольский
_bМ. М.
_cскульптор
_f1840-1902
_gМарк Матвеевич
_3RU\NLR\AUTH\7796551
_979477
942 _cBOOK
980 _aNBR